00345nam a2200121Ia 4500008004100000041000800041082001400049100003100063245004500094260005300139300002400192365000700216240624s9999 xx 000 0 und d aeng a332.1 NIB aBANDYOPADYOPADHYAY ARINDAM aNOTE ON MEASUREMENT AND MANAGEMENT OF CR aPunebNational Institute of Bank Management Pune a111 : p. : cm. ; 24 cRS